000
00290nam a22001217a 4500
041
_a
ENG
100
_a
Amerine.M.A
245
_a
Wine An Introduction For Americans
260
_a
Lamdon
_b
Universtiy Of California Press
_c
1972
300
_a
357
650
_a
APE ( 02 )
856
_u
APE ( 02 )
999
_c
2874
_d
2874